000 00441nam a2200205Ia 4500
001 13379
003 GE_BSU
008 181216s||||||||xx |||||||||||||| ||und||
020 _a0340898933
040 _cGE_BSU
080 _a821.111-32
100 _aKing,Stephen.
245 _aLisey's story.
260 _aLondon.
260 _bHodder & Stoughton.
260 _c2006
300 _a562p;24cm.
653 _aLisey's story.
942 _cBK
999 _c46540
_d46540